000
00331nam a2200145Ia 4500
008
191201s2002 xx 000 0 und d
082
_a
621.313
_b
FIE
100
_a
FITZGERALD, A E
245
0
_a
Electronic Machinery
250
_a
6th
260
_a
N.Delhi
_b
TMH
_c
2002
300
_a
688
650
_a
B.Tech(ECE)
942
_2
ddc
_c
BK
999
_c
3180
_d
3180